00484nam a2200145Ia 4500003000900000008004100009040001600050080001700066110002200083245014300105260001700248300001000265650004100275650002200316IN-BaIIA211028s9999 xx 000 0 eng d cIIA Library a061-3bROY-2 aThe Royal Society 4aThe royal society empire scientific conference june-july 1946breport, vol. 2cRoyal Society (Great Britain), Empire Scientific Conference aLondonc1946 a707p. aAstronomy and Astrophysics Thesaurus aConference Report